| 000 | 00895nam a2200205Ia 4500 | ||
|---|---|---|---|
| 999 |
_c38007 _d38007 |
||
| 001 | 3991 | ||
| 003 | GE_BSU | ||
| 005 | 20190902153343.0 | ||
| 008 | 181216s2003||||ge |||||||||||||| ||geo|| | ||
| 040 | _cGE_BSU | ||
| 041 | _ageo | ||
| 080 | _a377 კ–71 | ||
| 100 |
_aკომახიძე, თეიმურაზ _93432 |
||
| 245 |
_aბათუმის სახელმწიფო უმაღლესი ინდუსტრიულ-პედაგოგიური კოლეჯი : _b(გუშინ, დღეს, ხვალ) / _cრედ.: ჯემალ ხოფერია |
||
| 264 |
_aბათუმი : _bაჭარა, _c2003. |
||
| 300 |
_a221 გვ.; _b20 სმ. |
||
| 653 | _aკოლეჯები საქართველოში | ||
| 700 |
_aხოფერია, ჯემალ _eრედაქტორი _93862 |
||
| 942 |
_cBK _2udc |
||